| 000 | 00369 a2200169 4500 | ||
|---|---|---|---|
| 001 | 186477 | ||
| 020 | _a85-08-06932-4 | ||
| 040 | _cMagnum | ||
| 100 | _aMachado, Ana Maria | ||
| 240 | 1 | 0 |
_aO pavão do abre-e-fecha _lpor |
| 245 | 1 | 0 | _aO pavão do abre-e-fecha |
| 300 | _a24 | ||
| 362 | 0 | _a2002 | |
| 440 | 1 | _aÁtica | |
| 697 | _aLITERATURA INFANTIL | ||
| 942 | _cBK | ||
| 999 |
_c186477 _d186477 |
||